00674 2200169 4500245004200000020002200042250001100064100002100075650001600096005001900112260003200131041001400163084001100177300002200188500028500210336000900495 aCinta & SenjacPelangi Tri SakihText a978-602-6716-48-4 aCet. 1 aPelangi Tri Saki aNovel Fiksi a20231002090825 aBandungbPastel Booksc2019 aIndonesia a808.83 a296 hlm. :cilus. aCinta menyukai senja. Terlebih senja selalu mengingatkan Cinta pada Irgi, sahabatnya sejak kecil. Sayangnya, pemuda yang telah membuat Cinta jatuh hati itu ternyata tidak seperti yang dia pikirkan. Irgi lambat laun sering menyakitinya, membuat semua harapannya luntur begitu saja. atext